00404nam a2200157Ia 45000010006000000050017000060080041000230410008000640820015000721000031000872450075001182600009001933000028002026500008002306540008002381986320260306172724.0260306t2021||||xx |||||||||||||| ||spa|| aESP a341.2bT35 aTello Gilardi, Janet,eAUT 0aReglas de Brasilia :bjusticia para reducir las desigualdades sociales c2021 a309 páginas :c24 cm. aGEN aCDE